Návrh implementácie zelenej technológie v podniku bakalárska práca

Saved in:
Bibliographic Details
Main Author: Majerová, Nikola
Corporate Author: Fakulta podnikového manažmentu EU. Katedra manažmentu
Other Authors: Zagoršek, Branislav, 1984-
Format: Book
Language:Slovak
Published: Bratislava 2022
Tags: Add Tag
No Tags, Be the first to tag this record!

MARC

LEADER 00000nbm a2200000 4500
001 0285346
005 20230221142526.0
041 0 |a slo 
044 |a SK 
245 1 0 |a Návrh implementácie zelenej technológie v podniku  |b bakalárska práca  |c Nikola Majerová ; školiteľ: Branislav Zagoršek 
264 1 |a Bratislava  |c 2022 
300 |a 41 s. 
100 1 |a Majerová, Nikola 
700 1 |a Zagoršek, Branislav, 1984- 
710 2 |a Fakulta podnikového manažmentu EU. Katedra manažmentu